| 000 | 01340nmc a2200457 a 4500 | ||
|---|---|---|---|
| 003 | AR-BaBNM | ||
| 005 | 20251128205758.0 | ||
| 008 | 011101s1994 ||||||||||||||000 | spa|| | ||
| 020 | _a84-271-1884-8 | ||
| 040 | _cAR-BaBNM | ||
| 100 | 1 | _aDíaz-Aguado, María José | |
| 245 | 1 | 0 |
_aEducación y razonamiento moral _buna aproximación constructivista para trabajar los contenidos transversales |
| 260 |
_aBilbao _bEdiciones Mensajero _c1994 |
||
| 300 | 0 | _a155 p. | |
| 490 | 0 | _aRecursos e instrumentos psico-pedagógicos | |
| 500 | 0 | _aAnexos: p. 125-148 | |
| 500 | 0 | _aReferencias bibliográficas: 149-154 | |
| 600 | 1 | 4 | _aPiaget, Jean |
| 600 | 1 | 4 | _aKolhberg, L. |
| 650 | 4 | _aPLANIFICACION DEL CURRICULO | |
| 650 | 4 | _aDESARROLLO HUMANO | |
| 650 | 4 | _aDESARROLLO INTELECTUAL | |
| 650 | 4 | _aDESARROLLO AFECTIVO | |
| 650 | 4 | _aPOLITICA EDUCATIVA | |
| 650 | 4 | _aMORAL | |
| 650 | 4 | _aRAZONAMIENTO | |
| 650 | 4 | _aVALORES MORALES | |
| 650 | 4 | _aEDUCACION MORAL | |
| 650 | 4 | _aCONCEPTOS MORALES | |
| 650 | 4 | _aCOMPORTAMIENTO MORAL | |
| 650 | 4 | _aDIGNIDAD | |
| 651 | 4 | _aEspaña | |
| 653 | _aCONSTRUCTIVISMO | ||
| 653 | _aCONTENIDOS TRANSVERSALES | ||
| 653 | _aLEGISLACION EDUCATIVA | ||
| 653 | _aAUTONOMIA | ||
| 700 | 1 | _aMedrano, Concepción | |
| 800 | 1 |
_aVilla, Aurelio _edirector |
|
| 942 | _cBK | ||
| 998 | _carturo | ||
| 999 |
_c12779 _d12779 |
||